[Event "61st ch-RUS HL"]
[Site "Novokuznetsk RUS"]
[Date "2008.09.14"]
[Round "11"]
[White "Kornev, Alexei"]
[Black "Lysyj, I."]
[Result "1/2-1/2"]
[WhiteElo "2523"]
[BlackElo "2596"]
[PlyCount "101"]
[EventDate "2008.09.03"]
[SourceDate "1999.07.01"]

1. d4 e6 2. c4 Nf6 3. Nc3 Bb4 4. e3 O-O 5. Bd3 d5 6. Nf3 c5 7. O-O dxc4 8. Bxc4
Nbd7 9. Qe2 cxd4 10. exd4 Bxc3 11. bxc3 Qc7 12. Bg5 b6 13. Ne5 Bb7 14. Nxd7
Nxd7 15. Rac1 Rfe8 16. Bd3 Nf8 17. Rfe1 Ng6 18. Qg4 Rac8 19. Bf1 h6 20. Bd2 Qe7
21. Re3 Qh4 22. Qd1 e5 23. Qe1 Qd8 24. Rd1 exd4 25. Rxe8+ Qxe8 26. Qxe8+ Rxe8
27. cxd4 Rc8 28. Rc1 Rxc1 29. Bxc1 Bd5 30. a3 Ne7 31. Bd3 Nc6 32. Be3 Kf8 33.
f3 Ke7 34. Kf2 Na5 35. Bd2 Nc4 36. Bb4+ Ke8 37. Bc2 h5 38. Ba4+ Kd8 39. Bf8 g6
40. h4 Nb2 41. Bb5 Bc4 42. Bc6 Nd1+ 43. Kg3 Ne3 44. Be4 Nd5 45. Bxd5 Bxd5 46.
Kf4 Kd7 47. Ke5 Kc6 48. Be7 Bc4 49. g4 Bd5 50. gxh5 gxh5 51. f4 1/2-1/2

[Event "Masters"]
[Site "Trieste ITA"]
[Date "2008.09.07"]
[Round "9"]
[White "Drazic, S."]
[Black "Tiviakov, S."]
[Result "0-1"]
[WhiteElo "2505"]
[BlackElo "2645"]
[PlyCount "248"]
[EventDate "2008.08.31"]
[SourceDate "1999.07.01"]

1. d4 Nf6 2. c4 e6 3. Nc3 Bb4 4. e3 O-O 5. Nge2 d5 6. a3 Be7 7. Ng3 Nbd7 8. Be2
dxc4 9. Bxc4 c5 10. dxc5 Bxc5 11. O-O Be7 12. Be2 b6 13. b4 Bb7 14. Bb2 a5 15.
Qb3 Qb8 16. Rad1 axb4 17. axb4 Ne5 18. b5 Ned7 19. Rd4 Nc5 20. Qc2 Rd8 21. Rfd1
Rxd4 22. Rxd4 Qc7 23. Qd1 Rc8 24. h3 Ne8 25. Bf1 Bd6 26. Nce4 Be5 27. Nxc5 Bxd4
28. Nxe6 fxe6 29. Qxd4 Qd6 30. Qa4 Nf6 31. Qa7 Qc7 32. Qa1 Nd5 33. Nh5 Qf7 34.
Qd1 Rf8 35. Qe2 Nf6 36. Nxf6+ gxf6 37. f4 Qg6 38. Bd4 h5 39. Qa2 Qe4 40. Qf2
Kh7 41. Qe2 Qf5 42. Bxb6 Rg8 43. Qd1 Bd5 44. Kh2 Qg6 45. Kg1 Rb8 46. Qc1 Kg8
47. Bd4 Ra8 48. b6 Ra2 49. Bb2 h4 50. Qc8+ Kh7 51. Qc3 Kg7 52. Qd4 Ra8 53. Qb4
Kh6 54. Qd2 Kg7 55. Qe1 Ra2 56. Qc3 Ra8 57. Ba3 Qe4 58. Bb2 Kg8 59. Qc1 Kg7 60.
Qc7+ Kg8 61. Qc3 Rb8 62. Qc5 Rf8 63. Qc3 Rf7 64. Qe1 Rg7 65. Qf2 Rg6 66. Kh2
Kf7 67. Bd4 Rg8 68. Qe2 Rg6 69. Qb2 Kg7 70. Qf2 Kf7 71. Bc3 Rg8 72. Qe2 Rg3 73.
Qh5+ Qg6 74. Qxg6+ Kxg6 75. Bd4 Bb7 76. Kg1 Kf7 77. Kf2 Ke7 78. Bc5+ Kf7 79.
Bd6 Rg6 80. Ke1 Ke8 81. Bb5+ Kd8 82. Bc7+ Ke7 83. Bf1 Rg8 84. Kf2 Be4 85. Ke1
Ra8 86. Kf2 Ra2+ 87. Kg1 Kd7 88. Bb8 Rc2 89. Bc7 Rb2 90. Bb8 Rxb6 91. Ba7 Rb1
92. Kf2 Rb2+ 93. Kg1 Ke7 94. Bd4 Rc2 95. Bb6 Rc1 96. Kf2 Kf7 97. Bd4 Kg7 98.
Bb6 Kg6 99. Bd4 Rd1 100. Bc3 Kf5 101. Be1 Ra1 102. Bb4 Ra4 103. Be7 Ra2+ 104.
Kg1 Rb2 105. Ba3 Rb3 106. Bc5 Bd3 107. Bxd3+ Rxd3 108. Kf2 Ke4 109. Be7 Rd2+
110. Kg1 f5 111. Bxh4 Kxe3 112. Bg5 Rd1+ 113. Kh2 Kf2 114. Bh4+ Kf1 115. g4
Rd2+ 116. Kg3 Rd3+ 117. Kh2 e5 118. gxf5 e4 119. Be7 Rd2+ 120. Kh1 Rd5 121. f6
Rf5 122. Kh2 Kf2 123. h4 e3 124. f7 e2 0-1

[Event "58th ch-HUN KO"]
[Site "Nyiregyhaza HUN"]
[Date "2008.09.13"]
[Round "1.2"]
[White "Kovacs, Ga2"]
[Black "Gyimesi, Z."]
[Result "1/2-1/2"]
[WhiteElo "2505"]
[BlackElo "2586"]
[PlyCount "50"]
[EventDate "2008.09.12"]
[SourceDate "1999.07.01"]

1. d4 Nf6 2. c4 e6 3. Nc3 Bb4 4. e3 O-O 5. Nf3 d5 6. Bd3 c5 7. O-O cxd4 8. exd4
dxc4 9. Bxc4 a6 10. a3 Bxc3 11. bxc3 b5 12. Bd3 Bb7 13. a4 Qd5 14. axb5 axb5
15. Rb1 Bc6 16. Re1 Nbd7 17. Qe2 Ra2 18. Qf1 Ng4 19. Re2 Rfa8 20. h3 Ngf6 21.
Re1 Ra1 22. Bd2 Rxb1 23. Rxb1 Qa2 24. Qe2 Rc8 25. Be1 Qxe2 1/2-1/2

[Event "TCh-ESP Hon Gp1"]
[Site "Cala Mayor ESP"]
[Date "2008.09.05"]
[Round "3"]
[White "Aleksandrov, A."]
[Black "Giorgadze, G1."]
[Result "1/2-1/2"]
[WhiteElo "2574"]
[BlackElo "2592"]
[PlyCount "44"]
[EventDate "2008.09.03"]
[SourceDate "1999.07.01"]

1. d4 Nf6 2. c4 e6 3. Nc3 Bb4 4. e3 O-O 5. Bd3 d5 6. Nf3 b6 7. a3 Be7 8. cxd5
exd5 9. b4 a6 10. O-O Bb7 11. Qc2 Nbd7 12. Ne5 Bd6 13. f4 c5 14. bxc5 bxc5 15.
Rb1 Rb8 16. Nxd7 Qxd7 17. dxc5 Bxc5 18. Na4 Ba7 19. Nc5 Qe7 20. Nxb7 Rxb7 21.
Rxb7 Qxb7 22. Kh1 Ne4 1/2-1/2

[Event "5th Open"]
[Site "Kalamaria GRE"]
[Date "2008.08.07"]
[Round "6"]
[White "Milanovic, Da"]
[Black "Stocek, J."]
[Result "1/2-1/2"]
[WhiteElo "2529"]
[BlackElo "2559"]
[PlyCount "68"]
[EventDate "2008.08.27"]
[SourceDate "1999.07.01"]

1. d4 Nf6 2. c4 e6 3. Nc3 Bb4 4. e3 b6 5. Bd3 Bb7 6. Nge2 Bxg2 7. Rg1 Be4 8. a3
Bxc3+ 9. Nxc3 Bxd3 10. Qxd3 Nh5 11. e4 Nc6 12. Bg5 f6 13. Be3 O-O 14. d5 Na5
15. Qe2 Qe8 16. Nb5 Qf7 17. Nxc7 Rac8 18. d6 f5 19. O-O-O f4 20. Bd2 f3 21. Qd3
e5 22. Bxa5 Nf4 23. Qc2 Ne2+ 24. Kb1 Nxg1 25. Bc3 Ne2 26. Bxe5 Qh5 27. Bg3 Kh8
28. Rd5 Qh3 29. Ka2 h6 30. Kb3 Nf4 31. Re5 Ng6 32. Rd5 Nf4 33. Re5 Ng6 34. Rd5
Nf4 1/2-1/2

[Event "USCL 2008"]
[Site "ICC INT"]
[Date "2008.08.27"]
[Round "1"]
[White "Kuljasevic, D."]
[Black "Friedel, J."]
[Result "1/2-1/2"]
[WhiteElo "2501"]
[BlackElo "2524"]
[PlyCount "67"]
[EventDate "2008.10.22"]
[SourceDate "1999.07.01"]

1. d4 Nf6 2. c4 e6 3. Nc3 Bb4 4. e3 b6 5. Bd3 Bb7 6. Nf3 O-O 7. O-O d5 8. cxd5
exd5 9. a3 Bd6 10. b4 Nbd7 11. Qb3 c6 12. a4 a6 13. Bb2 b5 14. e4 dxe4 15. Bxe4
Nb6 16. a5 Nbd5 17. Nxd5 cxd5 18. Bd3 Ne4 19. Rac1 Qe7 20. Rc5 Bxc5 21. dxc5
Rfe8 22. Qc2 Bc8 23. Re1 Bf5 24. Re3 Bg6 25. Bd4 Qc7 26. Qb2 f6 27. Nh4 Bf7 28.
Qc2 Qf4 29. Nf3 Kh8 30. g3 Qg4 31. Be2 Qf5 32. Bd3 Qg4 33. Be2 Qf5 34. Bd3
1/2-1/2

[Event "8th Savaria Summer GM"]
[Site "Szombathely HUN"]
[Date "2008.08.17"]
[Round "4"]
[White "Kovacs, Ga2"]
[Black "Papp, Ga"]
[Result "1/2-1/2"]
[WhiteElo "2505"]
[BlackElo "2509"]
[PlyCount "231"]
[EventDate "2008.08.14"]
[SourceDate "1999.07.01"]

1. d4 Nf6 2. c4 e6 3. Nc3 Bb4 4. e3 c5 5. Bd3 O-O 6. Nf3 d5 7. O-O Nc6 8. a3
Bxc3 9. bxc3 dxc4 10. Bxc4 Qc7 11. Bb2 e5 12. h3 Bf5 13. Qe2 Rfe8 14. Ba2 Rad8
15. d5 Ne7 16. c4 Ng6 17. Nd2 Qb6 18. Bc3 e4 19. g4 Bc8 20. Bb1 h5 21. g5 Nxd5
22. cxd5 Rxd5 23. Nxe4 Bf5 24. f3 Qc7 25. Qh2 Qd7 26. Bc2 Bxe4 27. Bxe4 Rxg5+
28. Kh1 Rxe4 29. fxe4 Qd3 30. Qd2 Qxe4+ 31. Kh2 Kh7 32. Rxf7 Ne5 33. Raf1 Nxf7
34. Rxf7 b5 35. Qf2 b4 36. axb4 cxb4 37. Rf4 Qc6 38. Bxb4 a5 39. Bf8 a4 40. Qd2
Rg6 41. Ba3 Qb5 42. Bb2 Rc6 43. Rf7 Rg6 44. Qf2 Qb8+ 45. Kh1 a3 46. Bd4 a2 47.
Qf1 Rg5 48. Qd3+ Kg8 49. Qc4 Qa8+ 50. Rb7+ Kh7 51. Qb3 a1=Q+ 52. Bxa1 Qxa1+ 53.
Qb1+ Qxb1+ 54. Rxb1 Rg3 55. Kh2 Rxe3 56. Rb5 g6 57. Rg5 h4 58. Rb5 Re2+ 59. Kg1
Kh6 60. Rd5 Rb2 61. Rc5 Rb4 62. Kg2 Rf4 63. Ra5 Rf5 64. Ra4 Kg5 65. Rg4+ Kh5
66. Ra4 Rb5 67. Rc4 Rb2+ 68. Kg1 Rb6 69. Kg2 g5 70. Rc5 Kg6 71. Ra5 Kf6 72. Kf3
Rb3+ 73. Kg2 Rb2+ 74. Kg1 Re2 75. Kf1 Re5 76. Ra8 Rb5 77. Rf8+ Ke5 78. Kg2 Rb2+
79. Kg1 Ke4 80. Rf7 Rb3 81. Kg2 Rg3+ 82. Kh2 Rf3 83. Re7+ Kf4 84. Rf7+ Ke3 85.
Re7+ Kf4 86. Rf7+ Ke3 87. Re7+ Kf2 88. Re5 Rg3 89. Rf5+ Ke3 90. Ra5 Kf4 91.
Ra4+ Kf5 92. Ra5+ Kg6 93. Ra6+ Kh5 94. Rb6 Re3 95. Ra6 Re2+ 96. Kg1 Re8 97. Kg2
Rg8 98. Rb6 Rg6 99. Rb8 Ra6 100. Rg8 Ra2+ 101. Kg1 Kh6 102. Kh1 Ra5 103. Kg2
Kh7 104. Rb8 Kg6 105. Rc8 Kf5 106. Rf8+ Ke4 107. Re8+ Re5 108. Rf8 Ke3 109. Rf7
Kd2 110. Rd7+ Ke1 111. Rg7 Re2+ 112. Kg1 Re3 113. Rxg5 Rxh3 114. Kg2 Rg3+ 115.
Rxg3 hxg3 116. Kxg3 1/2-1/2

[Event "GM"]
[Site "Panevezys LTU"]
[Date "2008.08.17"]
[Round "8"]
[White "Klimov, S."]
[Black "Miezis, N."]
[Result "1-0"]
[WhiteElo "2509"]
[BlackElo "2540"]
[PlyCount "67"]
[EventDate "2008.08.12"]
[SourceDate "1999.07.01"]

1. d4 Nf6 2. c4 e6 3. Nc3 Bb4 4. e3 c5 5. Bd3 d5 6. Nf3 Nbd7 7. O-O O-O 8. cxd5
exd5 9. a3 Ba5 10. b4 cxb4 11. Nb5 a6 12. Qb3 Qe7 13. Bd2 Ne4 14. Bxb4 Bxb4 15.
Nc7 Ndc5 16. dxc5 Qxc7 17. axb4 Rd8 18. Rfc1 Qe7 19. Nd4 Qh4 20. Rc2 Nf6 21. b5
Ng4 22. h3 Ne5 23. Bf1 Qf6 24. c6 bxc6 25. bxc6 Rd6 26. c7 Nd7 27. Nb5 Rc6 28.
Rc3 Nb6 29. Nd4 Rd6 30. Rac1 Bb7 31. Rc6 Rxc6 32. Nxc6 Qd6 33. Qxb6 Bc8 34. Qb8
1-0

[Event "17th Open"]
[Site "Kavala GRE"]
[Date "2008.08.02"]
[Round "4"]
[White "Milanovic, Da"]
[Black "Romanishin, O."]
[Result "1-0"]
[WhiteElo "2529"]
[BlackElo "2530"]
[PlyCount "129"]
[EventDate "2008.07.31"]
[SourceDate "1999.07.01"]

1. d4 Nf6 2. c4 e6 3. Nc3 Bb4 4. e3 b6 5. Bd3 Bb7 6. Nge2 O-O 7. O-O d5 8. cxd5
exd5 9. a3 Bd6 10. b4 Re8 11. Rb1 Nbd7 12. f3 Nf8 13. b5 a6 14. a4 a5 15. Qe1
Ng6 16. Qf2 Bb4 17. Rb3 Qd7 18. g4 h6 19. Ng3 Rad8 20. Na2 Bd6 21. Nf5 Bf8 22.
Bd2 Ne7 23. Nxe7+ Qxe7 24. Rc1 g6 25. Rbc3 Rd7 26. Qg3 Rc8 27. h4 h5 28. g5 Ne8
29. Bf1 Rd6 30. Bh3 Rcd8 31. Qe5 Bc8 32. Bxc8 Rxc8 33. Qxe7 Bxe7 34. Rc6 Re6
35. e4 dxe4 36. Rxe6 fxe6 37. fxe4 Nd6 38. Bf4 Kf7 39. Bxd6 Bxd6 40. e5 Be7 41.
Kf2 Ke8 42. Ke3 Kd7 43. Rc6 Bb4 44. Nxb4 axb4 45. Rc4 b3 46. Rb4 Ra8 47. Ke4 b2
48. Rxb2 Rxa4 49. Rf2 Ra1 50. Rf7+ Kd8 51. Rf6 Ke7 52. Rxg6 Rh1 53. Rg7+ Kd8
54. Rh7 Rxh4+ 55. Kd3 Rh3+ 56. Kc4 h4 57. g6 Rg3 58. g7 Ke8 59. d5 Rg4+ 60. Kd3
Kf7 61. d6 cxd6 62. exd6 Rg5 63. d7 Rd5+ 64. Ke4 h3 65. Rh8 1-0

[Event "17th Open"]
[Site "Kavala GRE"]
[Date "2008.08.05"]
[Round "7"]
[White "Kuljasevic, D."]
[Black "Perunovic, Mil"]
[Result "1/2-1/2"]
[WhiteElo "2501"]
[BlackElo "2589"]
[PlyCount "53"]
[EventDate "2008.07.31"]
[SourceDate "1999.07.01"]

1. d4 Nf6 2. c4 e6 3. Nc3 Bb4 4. e3 O-O 5. a3 Bxc3+ 6. bxc3 c5 7. Bd3 Nc6 8.
Ne2 b6 9. e4 Ne8 10. O-O Bb7 11. f4 f5 12. exf5 exf5 13. dxc5 bxc5 14. Be3 Qa5
15. Rb1 Ba6 16. Rb5 Qd8 17. Rxc5 Qe7 18. Bf2 g6 19. Rd5 Rf7 20. Qa4 Nc7 21. Bc5
Qe8 22. Rd6 Rb8 23. Qc2 Ne6 24. Bf2 Qc8 25. c5 Bxd3 26. Qxd3 Rb2 27. Rb1
1/2-1/2

[Event "17th Open"]
[Site "Kavala GRE"]
[Date "2008.08.07"]
[Round "9"]
[White "Kharitonov, Alexandr"]
[Black "Gelashvili, T."]
[Result "1/2-1/2"]
[WhiteElo "2531"]
[BlackElo "2612"]
[PlyCount "35"]
[EventDate "2008.07.31"]
[SourceDate "1999.07.01"]

1. d4 Nf6 2. c4 e6 3. Nc3 Bb4 4. e3 O-O 5. Bd3 c5 6. Nge2 cxd4 7. exd4 d5 8.
cxd5 Nxd5 9. O-O Nf6 10. Bg5 Be7 11. Rc1 Bd7 12. Qc2 h6 13. Bxf6 Bxf6 14. Be4
Bc6 15. Rfd1 Bxe4 16. Nxe4 Nc6 17. Qb3 Rb8 18. d5 1/2-1/2

[Event "Dutch Open"]
[Site "Dieren NED"]
[Date "2008.07.30"]
[Round "8"]
[White "Sandipan, C."]
[Black "Ikonnikov, Vy"]
[Result "1-0"]
[WhiteElo "2588"]
[BlackElo "2592"]
[PlyCount "61"]
[EventDate "2008.07.22"]
[SourceDate "1999.07.01"]

1. d4 Nf6 2. c4 e6 3. Nc3 Bb4 4. e3 b6 5. Nge2 Ne4 6. Qc2 Bb7 7. a3 Bxc3+ 8.
Nxc3 Nxc3 9. Qxc3 O-O 10. b4 f5 11. Bb2 Rf7 12. Be2 d6 13. d5 e5 14. c5 bxc5
15. bxc5 Ba6 16. c6 Bxe2 17. Kxe2 Na6 18. Qc4 Nc5 19. Bxe5 Qg5 20. h4 Qh5+ 21.
f3 dxe5 22. Qxc5 e4 23. d6 Qg6 24. Rhg1 cxd6 25. Qd5 f4 26. Qxe4 Qxe4 27. fxe4
Rc8 28. Rac1 Kf8 29. Rgd1 Ke7 30. Rf1 fxe3 31. Rxf7+ 1-0

[Event "1st Open"]
[Site "Paleochora GRE"]
[Date "2008.07.28"]
[Round "9"]
[White "Milanovic, Da"]
[Black "Halkias, S."]
[Result "1/2-1/2"]
[WhiteElo "2529"]
[BlackElo "2579"]
[PlyCount "22"]
[EventDate "2008.07.21"]
[SourceDate "1999.07.01"]

1. d4 Nf6 2. c4 e6 3. Nc3 Bb4 4. e3 O-O 5. Bd3 d5 6. cxd5 exd5 7. Nge2 Re8 8.
a3 Bd6 9. Nb5 Bf8 10. O-O b6 11. b4 a5 1/2-1/2

[Event "19th Czech Chladek & Tintera A Open"]
[Site "Pardubice CZE"]
[Date "2008.07.23"]
[Round "6"]
[White "Korobov, A."]
[Black "Vokarev, S."]
[Result "1/2-1/2"]
[WhiteElo "2590"]
[BlackElo "2517"]
[PlyCount "140"]
[EventDate "2008.07.18"]
[SourceDate "1999.07.01"]

1. d4 Nf6 2. c4 e6 3. Nc3 Bb4 4. e3 O-O 5. Bd3 d5 6. Nf3 c5 7. O-O dxc4 8. Bxc4
Nbd7 9. a3 cxd4 10. axb4 dxc3 11. bxc3 Qc7 12. Be2 Nd5 13. Bb2 Nxc3 14. Qc2
Nxe2+ 15. Qxe2 f6 16. Rfc1 Qd8 17. Rd1 Qe7 18. Ba3 Rd8 19. Qd3 b6 20. b5 Qe8
21. Rd2 Bb7 22. Rad1 Rac8 23. e4 Rc7 24. Qd6 Rdc8 25. Nd4 Nc5 26. Bxc5 Rxc5 27.
Nxe6 Re5 28. Qd7 Rxe6 29. Qxb7 Rxe4 30. g3 Re1+ 31. Kg2 Rxd1 32. Rxd1 Rd8 33.
Rxd8 Qxd8 34. h4 h6 35. h5 Qd3 36. Qxa7 Qxb5 37. Qa8+ Kf7 38. Qb7+ Kf8 39. Qb8+
Qe8 40. Qxb6 Qxh5 41. Qd6+ Kg8 42. Qd3 Qg5 43. Kh3 f5 44. f3 Qg6 45. Qd8+ Kh7
46. Qd7 Qf6 47. Qd3 Qg6 48. Qd7 Qh5+ 49. Kg2 Qg5 50. Qd3 h5 51. Kh3 Qg6 52. Qd5
Qf6 53. Qd3 Kh6 54. f4 Qe6 55. Qd8 Kh7 56. Qd1 Qg6 57. Qd8 Qg4+ 58. Kh2 Qe2+
59. Kh3 Qf1+ 60. Kh2 Qf2+ 61. Kh1 Qe2 62. Kg1 Qf3 63. Kh2 Qf1 64. Qd2 Qf3 65.
Qd8 Qe4 66. Kg1 Qe2 67. Kh1 Qf2 68. Qd3 Qe1+ 69. Kh2 Qa5 70. Qe2 Qb6 1/2-1/2

[Event "19th Czech Chladek & Tintera A Open"]
[Site "Pardubice CZE"]
[Date "2008.07.25"]
[Round "8"]
[White "Teske, H."]
[Black "Babula, V."]
[Result "1/2-1/2"]
[WhiteElo "2504"]
[BlackElo "2597"]
[PlyCount "66"]
[EventDate "2008.07.18"]
[SourceDate "1999.07.01"]

1. d4 Nf6 2. c4 e6 3. Nc3 Bb4 4. e3 b6 5. Nge2 c5 6. a3 Ba5 7. Bd2 O-O 8. Nf4
cxd4 9. exd4 Bxc3 10. Bxc3 d5 11. Qf3 Qc7 12. cxd5 Bb7 13. Bd3 Nxd5 14. Be4 Nd7
15. Bxd5 Bxd5 16. Nxd5 exd5 17. Qxd5 Nf6 18. Qf3 Rfe8+ 19. Kf1 Ne4 20. g3 Qd7
21. h4 Re6 22. Kg1 Rae8 23. d5 Qxd5 24. Rd1 Qc6 25. Rd3 Nxc3 26. Rxc3 Qb5 27.
b4 h5 28. Qd3 Qe5 29. Kg2 Rd6 30. Qf3 Rf6 31. Qd3 Rd6 32. Qf3 Rf6 33. Qd3 Rd6
1/2-1/2

[Event "19th Czech Open Synthesia Rapid"]
[Site "Pardubice CZE"]
[Date "2008.07.16"]
[Round "3"]
[White "Korobov, A."]
[Black "Ibrayev, N."]
[Result "1-0"]
[WhiteElo "2590"]
[BlackElo "2518"]
[PlyCount "87"]
[EventDate "2008.07.16"]
[SourceDate "1999.07.01"]

1. d4 Nf6 2. c4 e6 3. Nc3 Bb4 4. e3 c5 5. Bd3 cxd4 6. exd4 d5 7. Nf3 O-O 8. O-O
dxc4 9. Bxc4 Nbd7 10. Bd3 b6 11. Re1 Bb7 12. Bg5 Bxc3 13. bxc3 Qc7 14. c4 Rac8
15. Qe2 Rfe8 16. Rac1 Qd6 17. Rcd1 h6 18. Bc1 Red8 19. h3 a6 20. Bb2 Nh5 21.
Qe3 Qf4 22. Nd2 Qh4 23. Bf1 Qf4 24. Qxf4 Nxf4 25. g3 Ng6 26. Ne4 Nb8 27. Ba3
Bc6 28. Nd6 Rc7 29. d5 Ba4 30. Rb1 exd5 31. cxd5 Nd7 32. Bxa6 Nf6 33. Rxb6 Nxd5
34. Rb7 Rxb7 35. Bxb7 Nc3 36. Re3 Nd1 37. Re4 Bc2 38. Rc4 Bd3 39. Rc1 Be2 40.
f4 Ne7 41. Rc7 Ng6 42. Bb4 Nf8 43. a4 Ne6 44. Rc8 1-0

[Event "XXVI Andorra Open"]
[Site "La Massana AND"]
[Date "2008.07.27"]
[Round "9"]
[White "Marin, Mi"]
[Black "Lafuente, P."]
[Result "1-0"]
[WhiteElo "2553"]
[BlackElo "2505"]
[PlyCount "57"]
[EventDate "2008.07.19"]
[SourceDate "1999.07.01"]

1. d4 Nf6 2. c4 e6 3. Nc3 Bb4 4. e3 O-O 5. Bd3 d5 6. Nf3 b6 7. O-O dxc4 8. Bxc4
Bb7 9. Qe2 c5 10. Rd1 cxd4 11. exd4 Bxc3 12. bxc3 Qc7 13. Bd3 Nbd7 14. Bd2 Rfe8
15. Re1 Nf8 16. Ne5 Ng6 17. a4 Red8 18. a5 bxa5 19. Ra3 Rac8 20. f3 Nd5 21.
Bxg6 hxg6 22. Rea1 Qb6 23. Qe1 Nb4 24. Rb1 Qd6 25. Rxa5 Nc6 26. Nxf7 Kxf7 27.
Rxb7+ Kg8 28. Rg5 Ne7 29. Re5 1-0

[Event "ZMD Open"]
[Site "Dresden GER"]
[Date "2008.07.26"]
[Round "8"]
[White "Graf, A."]
[Black "Miezis, N."]
[Result "1-0"]
[WhiteElo "2621"]
[BlackElo "2540"]
[PlyCount "125"]
[EventDate "2008.07.19"]
[SourceDate "1999.07.01"]

1. d4 Nf6 2. c4 e6 3. Nc3 Bb4 4. e3 c5 5. Bd3 d5 6. Nf3 Nbd7 7. O-O dxc4 8.
Bxc4 Nb6 9. Be2 cxd4 10. Nxd4 e5 11. Nf3 Qe7 12. Bb5+ Kf8 13. a3 Bd6 14. e4 h6
15. Be3 Be6 16. Rc1 g6 17. Qe2 Kg7 18. Bxb6 axb6 19. Na4 Nh5 20. Nxb6 Rad8 21.
Bc4 Nf4 22. Qc2 Bg4 23. Qb3 Bc5 24. Nd5 Nxd5 25. Bxd5 Bxf3 26. Qxf3 Bd4 27. Rc2
Rc8 28. Rfc1 Rxc2 29. Rxc2 Rd8 30. g3 Rd7 31. h4 h5 32. Qb3 b6 33. Qc4 Ra7 34.
Kg2 Ra5 35. Qc7 Qf6 36. Qc4 Rc5 37. Qd3 Rxc2 38. Qxc2 Qd6 39. b4 Qf6 40. a4 Qe7
41. a5 bxa5 42. bxa5 Qf6 43. Qa2 Ba7 44. a6 Kg8 45. Qe2 Kg7 46. Bc4 Qc6 47. Bd5
Qf6 48. Qa2 Kg8 49. Bc4 Kg7 50. Qb2 Bc5 51. f3 Qe7 52. Qb7 Qxb7 53. axb7 Bd6
54. Kf1 f5 55. exf5 gxf5 56. Be6 f4 57. g4 e4 58. g5 e3 59. Ke2 Kf8 60. Kd3 Ke7
61. Bc4 Bb8 62. Ke4 Kf8 63. Kf5 1-0

[Event "XXX Nezhmetdinov Mem"]
[Site "Kazan RUS"]
[Date "2008.06.09"]
[Round "9"]
[White "Aleksandrov, A."]
[Black "Iljin, A."]
[Result "1/2-1/2"]
[WhiteElo "2582"]
[BlackElo "2556"]
[PlyCount "118"]
[EventDate "2008.06.01"]
[SourceDate "1999.07.01"]

1. d4 Nf6 2. c4 e6 3. Nc3 Bb4 4. e3 O-O 5. Nge2 d5 6. cxd5 Nxd5 7. Bd2 c5 8. a3
cxd4 9. axb4 dxc3 10. bxc3 Nb6 11. Nd4 e5 12. Nb3 Be6 13. Na5 Qc7 14. Bd3 Nc6
15. Qc2 h6 16. O-O Rfd8 17. Rfd1 Nxa5 18. Rxa5 Bb3 19. Bh7+ Kh8 20. Qxb3 Kxh7
21. Be1 Rxd1 22. Qxd1 Kg8 23. h3 f6 24. f3 a6 25. Rc5 Qe7 26. Qb3+ Kh8 27. e4
Rd8 28. Kh2 Rd3 29. Qc2 Qd7 30. Kg3 Rd1 31. Qe2 Na4 32. Ra5 Nb6 33. c4 Qd3 34.
Qxd3 Rxd3 35. Rc5 Rd4 36. Rc7 Rd7 37. Rxd7 Nxd7 38. Bc3 Kg8 39. b5 axb5 40.
cxb5 Kf7 41. Kf2 Ke6 42. Bb4 h5 43. g3 g6 44. Ke3 g5 45. Kd3 Nb6 46. Bd2 Nd7
47. Kc4 Nb6+ 48. Kb4 Nd7 49. Be3 Kd6 50. Ka5 Ke6 51. Ka4 Ke7 52. Kb3 Ke6 53.
Kc4 Kd6 54. f4 exf4 55. gxf4 gxf4 56. Bxf4+ Ke6 57. Bc7 Nf8 58. Bh2 Nd7 59. Kd4
Nf8 1/2-1/2

[Event "36th TCh-GRE"]
[Site "Kallithea Halkidiki GRE"]
[Date "2008.07.07"]
[Round "3"]
[White "Iotov, V."]
[Black "Papaioannou, I."]
[Result "1/2-1/2"]
[WhiteElo "2519"]
[BlackElo "2591"]
[PlyCount "100"]
[EventDate "2008.07.06"]
[SourceDate "1999.07.01"]

1. d4 Nf6 2. c4 e6 3. Nc3 Bb4 4. e3 c5 5. Bd3 Nc6 6. Nf3 Bxc3+ 7. bxc3 d6 8.
O-O e5 9. Nd2 O-O 10. Re1 h6 11. Rb1 b6 12. Qf3 Bd7 13. Ne4 Nxe4 14. Bxe4 Rc8
15. Bd5 Qe7 16. dxc5 dxc5 17. e4 Kh7 18. Rb2 Be6 19. Qg3 f6 20. f4 Na5 21. Qd3
g5 22. fxe5 fxe5 23. Be3 Rf6 24. Rf2 Rcf8 25. Ref1 Rxf2 26. Rxf2 Rxf2 27. Bxf2
Bc8 28. Qf3 g4 29. Qe2 Nb7 30. Qe1 Qg5 31. Bh4 Qf4 32. Bg3 Qg5 33. Bh4 Qf4 34.
Qf1 Qxf1+ 35. Kxf1 Na5 36. Ke2 Kg6 37. Bg3 Kf6 38. Bh4+ Kg6 39. Bd8 Bd7 40. Bc7
Nc6 41. Ke3 Kf6 42. Bd6 Be8 43. Bc7 Bd7 44. Kf2 Kg5 45. Bxc6 Bxc6 46. Bxe5 Bxe4
47. Bb8 Bd3 48. Bxa7 Bxc4 49. Bxb6 Bxa2 50. Bxc5 Kf5 1/2-1/2

[Event "36th TCh-GRE"]
[Site "Kallithea Halkidiki GRE"]
[Date "2008.07.09"]
[Round "6"]
[White "Iotov, V."]
[Black "Nikolaidis, I."]
[Result "1/2-1/2"]
[WhiteElo "2519"]
[BlackElo "2516"]
[PlyCount "27"]
[EventDate "2008.07.06"]
[SourceDate "1999.07.01"]

1. d4 Nf6 2. c4 e6 3. Nc3 Bb4 4. e3 b6 5. Bd3 Bb7 6. Nf3 Ne4 7. O-O Bxc3 8.
bxc3 Nxc3 9. Qc2 Bxf3 10. gxf3 Qg5+ 11. Kh1 Qh5 12. Rg1 Qxf3+ 13. Rg2 f5 14.
Qxc3 1/2-1/2

[Event "XII Izmailov Mem"]
[Site "Tomsk RUS"]
[Date "2008.07.03"]
[Round "9"]
[White "Khismatullin, D."]
[Black "Bocharov, D."]
[Result "1-0"]
[WhiteElo "2584"]
[BlackElo "2569"]
[PlyCount "71"]
[EventDate "2008.06.25"]
[SourceDate "1999.07.01"]

1. d4 Nf6 2. c4 e6 3. Nc3 Bb4 4. e3 b6 5. Nge2 Ba6 6. a3 Bxc3+ 7. Nxc3 d5 8. b3
O-O 9. Qf3 c6 10. g4 Nbd7 11. Bb2 Rc8 12. Rg1 dxc4 13. bxc4 c5 14. g5 Ne8 15.
d5 Nd6 16. Ne4 Nxe4 17. Qxe4 Re8 18. O-O-O Bb7 19. Qc2 e5 20. Bh3 b5 21. f4 Nb6
22. cxb5 c4 23. Bxc8 Qxc8 24. e4 Qc5 25. fxe5 Qxb5 26. g6 fxg6 27. e6 c3 28.
Bxc3 Rc8 29. d6 Qc5 30. d7 Qxa3+ 31. Kb1 Rd8 32. Bb2 Qe7 33. Qb3 Bxe4+ 34. Ka2
Nd5 35. Rxd5 Qxe6 36. Rd4 1-0

[Event "XVI Open"]
[Site "Montcada i Reixac ESP"]
[Date "2008.06.28"]
[Round "4"]
[White "Peralta, Fe"]
[Black "Bruzon Batista, L."]
[Result "1/2-1/2"]
[WhiteElo "2546"]
[BlackElo "2608"]
[PlyCount "52"]
[EventDate "2008.06.25"]
[SourceDate "1999.07.01"]

1. d4 Nf6 2. c4 e6 3. Nc3 Bb4 4. e3 O-O 5. Bd3 c5 6. Nf3 Nc6 7. O-O Bxc3 8.
bxc3 d6 9. e4 e5 10. d5 Ne7 11. Nh4 Ng6 12. Nf5 Re8 13. Qf3 h6 14. g3 Nh7 15.
h4 Ne7 16. Ne3 Rf8 17. Bd2 Bd7 18. Kh2 Rb8 19. Rab1 b6 20. Rg1 Rb7 21. Bc2 Kh8
22. Rbf1 a6 23. a4 Bc8 24. Bc1 Bd7 25. Bd2 Bc8 26. Bc1 Bd7 1/2-1/2

[Event "TCh-FRA Top 16 Poule Basse"]
[Site "Evry FRA"]
[Date "2008.06.01"]
[Round "11"]
[White "Vaisser, A."]
[Black "Nakamura, H."]
[Result "1/2-1/2"]
[WhiteElo "2539"]
[BlackElo "2686"]
[PlyCount "20"]
[EventDate "2008.05.29"]
[SourceDate "1999.07.01"]

1. d4 Nf6 2. c4 e6 3. Nc3 Bb4 4. e3 b6 5. Nge2 Ne4 6. Bd2 Nxd2 7. Qxd2 Bb7 8.
a3 Bxc3 9. Nxc3 O-O 10. d5 d6 1/2-1/2

[Event "Frank K Berry ch-USA"]
[Site "Tulsa USA"]
[Date "2008.05.21"]
[Round "9"]
[White "Gurevich, D."]
[Black "Shabalov, A."]
[Result "1/2-1/2"]
[WhiteElo "2513"]
[BlackElo "2633"]
[PlyCount "83"]
[EventDate "2008.05.13"]
[SourceDate "1999.07.01"]

1. d4 Nf6 2. c4 e6 3. Nc3 Bb4 4. e3 O-O 5. Nge2 d5 6. a3 Be7 7. Ng3 c5 8. dxc5
a5 9. Na4 Nbd7 10. cxd5 Nxc5 11. Nxc5 Bxc5 12. dxe6 Qxd1+ 13. Kxd1 Bxe6 14. Bb5
h5 15. h3 a4 16. Ke2 Bd6 17. Rd1 Bxg3 18. fxg3 Ne4 19. Bd2 Bb3 20. Rdc1 Nxg3+
21. Kf3 Nf5 22. Rc5 Nd6 23. Bd3 f5 24. Bc3 Rf7 25. Kf4 Rd8 26. Be5 b6 27. Rc6
Ne4 28. Bxe4 fxe4+ 29. Kg3 Rd5 30. Rc8+ Kh7 31. Re8 Bc4 32. Bd4 Rg5+ 33. Kh2
Bf1 34. Re5 Rxg2+ 35. Kh1 Rg3 36. Rxh5+ Kg6 37. Rh4 Kg5 38. Rf4 Rxh3+ 39. Kg1
Bc4 40. Rc1 Bb3 41. Rxf7 Bxf7 42. Rc7 1/2-1/2